Statistics for History by Picture - R

Click here to take the quiz!

General Stats

  • This quiz has been taken 10,573 times
    (10,531 since last reset)
  • The average score is 13 of 18

Answer Stats

Answer % Correct
{Roman} Empire
94%
Franklin D Roosevelt
92%
Renaissance
91%
Romeo and Juliet
90%
Revolver
89%
Relativity
86%
Ronald and Nancy Reagan
83%
Rasputin
82%
{Rosetta} Stone
81%
{Russian} Revolution
79%
Rembrandt
71%
Rhodesia
69%
Reichstag
56%
Rastafari
53%
Ramses the Great
47%
Richard the Lionheart
46%
Jackie Robinson
43%
Rune
41%

Score Distribution

Percentile by Number Answered

Percent of People with Each Score

Your Score History

You have not taken this quiz since the last reset